00309 a2200133 450000100060000002000150000604000220002110000210004324000340006424500290009830000080012736200090013565000310014462258 a1855012995 cAnchieta - Pituba aRaffin, Patrizia10aUnited States of Americalpor10aUnited States of America a1280 a1993 4aInglês e inglês antigo